| 000 | 00646nam a2200193 a 4500 | ||
|---|---|---|---|
| 001 | BRCA_1373 | ||
| 005 | 20190320203411.0 | ||
| 008 | 820426s1953 ---a---##b---#000-0#eng-# | ||
| 020 | _a0713459840 | ||
| 050 | 4 |
_aNK2529 _b.H45 1953 |
|
| 100 | 1 |
_aHeal, Ambrose _d1872- _94490 |
|
| 245 | 1 | 0 |
_aThe London Furniture Makers _bfrom the Restoration to the Victorian Era : 1660-1840 _cSir Ambrose Heal ; with a chapter by R. W. Symonds. |
| 260 |
_aLondres _bPortman Books _c1953 |
||
| 300 |
_axviii, 276 p. _bil. _c30 cm. |
||
| 650 | 1 | 4 |
_aEbanistas _zInglaterra _94491 |
| 650 | 1 | 4 |
_aMuebles _zInglaterra _94492 |
| 700 | 1 |
_aSymonds, R. W _94493 |
|
| 942 |
_2lcc _cB |
||
| 999 |
_c1235 _d1235 |
||